| 000 | 01249cam a2200385 i 4500 | ||
|---|---|---|---|
| 003 | EG-GICUC | ||
| 005 | 20260303102050.0 | ||
| 008 | 970106s1996 enk fr 001 0 eng d | ||
| 020 | _a0420480900 | ||
| 020 | _a9780420480903 | ||
| 040 |
_aDLC _cDLC _dDLC _dEG-GICUC _beng _erda |
||
| 043 | _ae-uk--- | ||
| 050 | 0 | 0 |
_aKD7645 _b.R87 1997 |
| 082 | 0 | 0 |
_a347.224 _221 |
| 092 | 0 | 4 | _221 |
| 099 | _aLaw 12 1997 | ||
| 100 | 1 | _aSutton, David St. John. | |
| 245 | 1 | 0 |
_aRussell on arbitration / _cby David St. John Sutton, John Kendall, Judith Gill. |
| 250 | _a21st edition. | ||
| 264 |
_aLondon : _bSweet & Maxwell, _c1997. |
||
| 300 |
_alxiv, 719 pages ; _c26 cm. |
||
| 336 |
_atext _2rdacontent |
||
| 337 |
_aComputer _2rdamedia |
||
| 338 |
_aOnline Resource _2rdacarrier |
||
| 500 | _aRev. ed. of: Russell on the law of arbitration / Anthony Walton. 20th ed. 1982. | ||
| 500 | _aIncludes index. | ||
| 650 | 0 |
_aArbitration and award _zGreat Britain. |
|
| 700 | 1 | _aRussell, Francis, | |
| 700 | 1 |
_aKendall, John, _d1950- |
|
| 700 | 1 |
_aGill, Judith, _d1959- |
|
| 700 | 1 |
_aWalton, Anthony. _tRussell on the law of arbitration. |
|
| 856 | 4 | 0 | _uhttps://fll.law.cu.edu.eg/fulltext/bks/ENGB12-00058.pdf |
| 905 | _a10 | ||
| 942 |
_2ddc _cBK _e21 _n0 |
||
| 999 |
_c64707 _d64707 |
||